00251nam a2200097Ia 4500100001500000654002900015245005100044260003800095300000800133546001200141 aAntia H.M  aScientists and engineers aNumerical methods for scientists and engineers bTata McGraw HillaNew Delhic1991 a977 aENGLISH